[Event "IECC Swiss email"]
[Site "IECC email"]
[Date "2003.07.22"]
[Round "?"]
[White "Dimitriev, Alexandru"]
[Black "Wozniak, Zbigniew"]
[Result "0-1"]
[WhiteElo "1500"]
[BlackElo "1861"]
[PlyCount "80"]
[EventDate "2003.??.??"]
[EventType "tourn (corr)"]
[EventRounds "6"]
[SourceTitle "Corr 2008"]
[Source "ChessBase"]
[SourceDate "2008.06.24"]
[SourceVersion "1"]
[SourceVersionDate "2008.06.24"]
[SourceQuality "1"]

1. d4 d5 2. Nf3 c5 3. e3 Nf6 4. c4 e6 5. Nc3 Nc6 6. cxd5 exd5 7. Be2 Bd6 8. dxc5 Bxc5 9. 0-0 0-0 10. a3 a6 11. b4 Bd6 12. Bb2 Bg4 13. Rc1 Rc8 14. h3 Be6 15. b5 axb5 16. Nxb5 Be7 17. Nbd4 Nxd4 18. Qxd4 Ra8 19. Rc3 b6 20. Rfc1 Bc5 21. Qh4 Ne4 22. Qxd8 Rfxd8 23. Rd3 Nd6 24. Ne5 f6 25. Nc6 Rd7 26. Nd4 Bf7 27. Rb3 Nc4 28. Nb5 Nxb2 29. Rxb2 Ra5 30. Rc3 Be8 31. Kf1 Rd8 32. Nd4 Rda8 33. Bf3 Rxa3 34. Rxa3 Rxa3 35. Bxd5+ Bf7 36. Ne6 Bxe6 37. Bxe6+ Kf8 38. Ke2 Ke7 39. Bg8 h5 40. g4 hxg4 0-1